[Event "Nairobi Mashariki op"]
[Site "Nairobi"]
[Date "2024.09.22"]
[Round "5"]
[White "Ezekiel, Karani"]
[Black "Alvin, Muhirwa"]
[Result "1-0"]
[WhiteElo "1806"]
[BlackElo "1682"]
[PlyCount "101"]
[EventDate "2024.09.21"]
[EventType "swiss"]
[EventRounds "5"]
[EventCountry "KEN"]
[SourceTitle "EXT 2025"]
[Source "ChessBase"]
[SourceDate "2024.10.14"]
[SourceVersion "1"]
[SourceVersionDate "2024.10.14"]
[SourceQuality "1"]

1. e4 c5 2. Nf3 Nc6 3. Bb5 e6 4. Bxc6 bxc6 5. d3 d5 6. b3 Nf6 7. Nbd2 Be7 8. h3 Ba6 9. Qe2 0-0 10. Bb2 Rb8 11. c4 h6 12. g4 dxe4 13. dxe4 Nd7 14. h4 Qa5 15. g5 h5 16. e5 Nb6 17. 0-0 g6 18. Qe4 Rfd8 19. Qc2 Na8 20. Ne4 Nc7 21. Bc3 Qb6 22. Nf6+ Bxf6 23. gxf6 Ne8 24. Kh2 Qc7 25. Rg1 Nxf6 26. Rg3 Ng4+ 27. Kh1 Qd7 28. Ng5 Qc7 29. Ne4 Qe7 30. Nf6+ Kh8 31. Nxg4 hxg4 32. Rxg4 Rg8 33. Bd2 Qc7 34. Qe4 Rbd8 35. Bg5 Rd4 36. Bf6+ Kh7 37. Qf3 Qd7 38. h5 Rxg4 39. Qxg4 Qd4 40. hxg6+ Rxg6 41. Qxd4 cxd4 42. Rd1 Rg4 43. f3 Rf4 44. Kg2 Kg6 45. Kg3 Rxf6 46. exf6 e5 47. f4 Kxf6 48. fxe5+ Kxe5 49. Re1+ Kd6 50. Kf4 Kc5 51. a3 1-0

[Event "Nairobi Afzali Memorial"]
[Site "Nairobi"]
[Date "2024.05.05"]
[Round "4"]
[White "Ezekiel, Karani"]
[Black "Mutuge, Ian"]
[Result "0-1"]
[WhiteElo "1798"]
[BlackElo "1924"]
[PlyCount "143"]
[EventDate "2024.05.04"]
[EventType "swiss"]
[EventRounds "4"]
[EventCountry "KEN"]
[SourceTitle "CBM 220 Extra"]
[Source "ChessBase"]
[SourceDate "2024.07.31"]
[SourceVersion "1"]
[SourceVersionDate "2024.07.31"]
[SourceQuality "1"]

1. g3 g6 2. d4 Bg7 3. Nf3 Nf6 4. Bg2 d5 5. c4 c6 6. cxd5 cxd5 7. Nc3 0-0 8. Ne5 Nc6 9. Nxc6 bxc6 10. 0-0 Bf5 11. Bg5 h6 12. Bxf6 Bxf6 13. e3 e5 14. Qd2 exd4 15. exd4 Qb6 16. Rfd1 Bg4 17. f3 Bg5 18. Qf2 Rae8 19. Re1 Bf6 20. Red1 Bf5 21. Na4 Qb4 22. Nc5 Re7 23. a3 Qb6 24. Re1 Rfe8 25. Rxe7 Rxe7 26. Rd1 Kg7 27. Bf1 Bg5 28. f4 Bf6 29. h3 h5 30. Kg2 Re8 31. Bd3 Bxd3 32. Rxd3 Qb5 33. Rd2 Re7 34. h4 Qc4 35. Qf1 Qa2 36. Qc1 Bxd4 37. Rxd4 Re2+ 38. Kf3 Rxb2 39. Qe3 Rh2 40. f5 Qg2+ 41. Kf4 Qf1+ 42. Ke5 Re2 43. Qxe2 Qxe2+ 44. Kd6 Qe8 45. Rd3 gxf5 46. Rf3 Kf6 47. Nd7+ Kg7 48. Nc5 Kg6 49. a4 a5 50. Rb3 d4 51. Rd3 f6 52. Ne6 Kf7 53. Nf4 Qe7+ 54. Kxc6 Qb4 55. Kd5 Qxa4 56. Nxh5 Qc2 57. Kxd4 a4 58. Nf4 Qb2+ 59. Rc3 a3 60. Nd3 Qb6+ 61. Kc4 Qa6+ 62. Kb3 a2 63. Nb4 a1Q 64. Nxa6 Qxa6 65. Kc2 Qe2+ 66. Kb3 Kg6 67. Kb4 Kh5 68. Kc5 Qe5+ 69. Kc4 Kg4 70. Rd3 Qe2 71. Kd4 f4 72. gxf4 0-1